00443nam a2200133Ia 4500008004100000100001500041245008000056245001500136260000900151650001300160856004400173999001900217952007300236170221s9999 xx 000 0 und d aKym Irving 4aThe Financial Life Well-Lived: Psychological Benefits of Financial Planning cKym Irving c2011 xBusiness uhttp://ro.uow.edu.au/aabfj/vol6/iss4/4/ c309803d309803 001040aCLbCLd2017-02-21l0r2017-02-21 00:00:00w2017-02-21yFOJ